| 000 | 00336nam a2200121 4500 | ||
|---|---|---|---|
| 999 |
_c10789 _d10789 |
||
| 003 | OSt | ||
| 005 | 20220907132838.0 | ||
| 008 | 220907b ||||| |||| 00| 0 eng d | ||
| 100 | _aL Tarasov | ||
| 245 | _aThis amazingly symmetrical world symmetry around US at the heart of everything's | ||
| 260 |
_aMOSCOW _bMir publishers |
||
| 942 | _2ddc | ||